| 000 | 01070nam a2200349Ia 4500 | ||
|---|---|---|---|
| 001 | Z_1930 | ||
| 003 | CHAP | ||
| 008 | 220113s1996 xx 000 0 und d | ||
| 010 | _a165022 | ||
| 040 | _cCHAP | ||
| 090 | _aTesis M 1150 | ||
| 100 |
_aMartínez Castillo, Marco Aurelio _971910 |
||
| 245 |
_aProducción y calidad de forrajeras en Tlauchinol, Hidalgo / _cpor Marco Aurelio Martínez Castillo |
||
| 260 |
_aChapingo, Méx. : _bEl autor, _c1996 |
||
| 300 | _a66 h. | ||
| 440 | _a | ||
| 502 | _aTesis (Ing. Agr. Esp. en Zootecnia) -- UACH. Departamento de Zootecnia | ||
| 503 | _a | ||
| 650 |
_aDactylis glomerata _930865 |
||
| 650 |
_aLolium perenne _967505 |
||
| 650 | _aLotus corniculatus | ||
| 650 |
_aOnobrychis viciaefolia _983320 |
||
| 650 |
_aPennisetum clandestinum 8 Axonopus I. UACH. Departamento de Zootecnia II. t. _9139039 |
||
| 650 |
_aPlantas forrajeras _xHidalgo _988967 |
||
| 650 |
_aTrébol blanco _9115252 |
||
| 901 | _aTesis M 1150 | ||
| 902 | _aA | ||
| 910 | _a1996 | ||
| 942 | _c2 | ||
| 942 | _c2 | ||
| 999 |
_c165022 _d165022 |
||